[Event "Burgos Intercajas"]
[Site "Burgos"]
[Date "2011.10.26"]
[Round "4.4"]
[White "Fayos Bernabeu, Roberto"]
[Black "Ortega Gonzalez, Jose Ignacio"]
[Result "1/2-1/2"]
[WhiteElo "2052"]
[BlackElo "2072"]
[PlyCount "34"]
[EventDate "2011.10.23"]
[EventType "swiss"]
[EventRounds "6"]
[EventCountry "ESP"]
[SourceTitle "EXT 2024"]
[Source "ChessBase"]
[SourceDate "2023.10.10"]
[SourceVersion "1"]
[SourceVersionDate "2023.10.10"]
[SourceQuality "1"]
[WhiteTeam "Caja Mediterano"]
[BlackTeam "Caja Navarra"]
[WhiteTeamCountry "ESP"]
[BlackTeamCountry "ESP"]

1. Nf3 Nf6 2. d4 e6 3. g3 d5 4. Bg2 Be7 5. 0-0 0-0 6. c4 dxc4 7. Nc3 Nbd7 8. e4 Nb6 9. Qe2 Bd7 10. Ne5 Be8 11. Rd1 c6 12. Nxc4 Nxc4 13. Qxc4 b5 14. Qb3 Rc8 15. e5 Nd5 16. Nxd5 cxd5 17. Be3 Qb6 1/2-1/2

[Event "Burgos Intercajas"]
[Site "Burgos"]
[Date "2011.10.25"]
[Round "3.4"]
[White "Lazpita Lopez, Benjamin"]
[Black "Ortega Gonzalez, Jose Ignacio"]
[Result "0-1"]
[WhiteElo "1941"]
[BlackElo "2072"]
[PlyCount "72"]
[EventDate "2011.10.23"]
[EventType "swiss"]
[EventRounds "6"]
[EventCountry "ESP"]
[SourceTitle "EXT 2024"]
[Source "ChessBase"]
[SourceDate "2023.10.10"]
[SourceVersion "1"]
[SourceVersionDate "2023.10.10"]
[SourceQuality "1"]
[WhiteTeam "BBK"]
[BlackTeam "Caja Navarra"]
[WhiteTeamCountry "ESP"]
[BlackTeamCountry "ESP"]

1. e4 c5 2. Nf3 Nc6 3. Bc4 e6 4. Nc3 a6 5. a4 Qc7 6. d3 Nge7 7. Be3 b6 8. Qd2 Ng6 9. 0-0 Bd6 10. Ne2 0-0 11. Ng3 Kh8 12. Nh5 Nce5 13. Nxe5 Bxe5 14. Bh6 gxh6 15. Qxh6 Rg8 16. f4 Bxb2 17. e5 Qd8 18. Nf6 Nf8 19. Rf3 Rg6 20. Rg3 Bxa1 21. f5 Bd4+ 22. Kh1 Rxg3 23. hxg3 Bxe5 24. Nh5 d5 25. f6 Bxf6 26. Nxf6 Qe7 27. Bb3 b5 28. c3 d4 29. cxd4 cxd4 30. Bd1 Bb7 31. Qh4 Rd8 32. Qh6 Rd5 33. Bf3 Rf5 34. Nh5 Rxh5+ 35. Bxh5 Kg8 36. Qf4 e5 0-1

[Event "Burgos Intercajas"]
[Site "Burgos"]
[Date "2011.10.24"]
[Round "2.3"]
[White "Gonzalez, Julian"]
[Black "Ortega Gonzalez, Jose Ignacio"]
[Result "0-1"]
[WhiteElo "1905"]
[BlackElo "2072"]
[PlyCount "74"]
[EventDate "2011.10.23"]
[EventType "swiss"]
[EventRounds "6"]
[EventCountry "ESP"]
[SourceTitle "EXT 2024"]
[Source "ChessBase"]
[SourceDate "2023.10.10"]
[SourceVersion "1"]
[SourceVersionDate "2023.10.10"]
[SourceQuality "1"]
[WhiteTeam "Caja Granada"]
[BlackTeam "Caja Navarra"]
[WhiteTeamCountry "ESP"]
[BlackTeamCountry "ESP"]

1. e4 c5 2. Nf3 Nc6 3. Bc4 e6 4. c3 d5 5. exd5 exd5 6. Qe2+ Be6 7. Bb3 Nf6 8. d3 Bd6 9. Bg5 0-0 10. 0-0 Re8 11. Qd1 b5 12. Bc2 d4 13. Re1 Be7 14. Nbd2 Qc7 15. a3 Rad8 16. Ne4 Nxe4 17. Bxe7 Nxe7 18. Rxe4 Bf5 19. Re1 Bg4 20. Re4 f5 21. Re1 Ng6 22. Rxe8+ Rxe8 23. cxd4 cxd4 24. Rc1 Qf4 25. Bb3+ Kf8 26. Bd5 Ne5 27. Rc5 a6 28. b4 Bxf3 29. gxf3 Nxd3 30. Qxd3 Re1+ 31. Kg2 Qg5+ 32. Kh3 Qf4 33. Bb7 g6 34. Rd5 Rh1 35. Rd8+ Ke7 36. Rd7+ Kxd7 37. Bc6+ Kd8 0-1